000 00531nam a2200181 a 4500
001 000042686
005 20201002040327.0
008 140206s1998 sp a 000 0 spa d
020 _a8440683022
040 _aDO-SdBNP
_bspa
_cBNPHU
100 1 _aCortadas, Anna
_969988
240 1 0 _aNicaragua de gent dolca
245 1 0 _aQuerida Nicaragua /
_cAnna Cortadas.
260 _aBarcelona, :
_bEdiciones B,
_c1998.
300 _a221 p. ;
_c19 cm.
490 1 _aBiblioteca Grandes Viajeros
830 0 _aBiblioteca Grandes Viajeros
_969748
999 _c42175
_d42175